[Event "15. European Team Championship"]
[Site "?"]
[Date "2005.08.03"]
[Round "5.3"]
[White "Lutz Christopher"]
[Black "Ivanchuk Vassily"]
[Result "1/2-1/2"]
[WhiteElo "2616"]
[BlackElo "2752"]
[PlyCount "48"]
[EventDate "2005.??.??"]
[Source "www.chesslib.no"]
[SourceDate "2004.05.04"]

1. e4 e6 2. d4 d5 3. Nc3 Nf6 4. Bg5 Bb4 5. e5 h6 6. Bd2 Bxc3 7. bxc3 Ne4 8. Qg4 Kf8 9. Bd3 Nxd2 10. Kxd2 c5 11. Nf3 c4 12. Be2 Nc6 13. Rhb1 Rb8 14. a4 b6 15. h4 Rb7 16. Qf4 Ke7 17. g4 Qf8 18. Rg1 Kd8 19. g5 Ne7 20. h5 Bd7 21. Nh4 Be8 22. gxh6 Rxh6 23. Qg4 Rh7 24. Ng2 Kc8 1/2-1/2

[Event "KasparovChess GP g/60"]
[Site "Internet"]
[Date "2000.02.14"]
[Round "2.1"]
[White "Svidler, Peter"]
[Black "Short, Nigel D"]
[Result "1-0"]
[WhiteElo "2672"]
[BlackElo "2683"]
[PlyCount "91"]
[EventDate "2000.02.09"]
[Source "ChessBase"]
[SourceDate "2000.05.31"]

1. e4 e6 2. d4 d5 3. Nc3 Nf6 4. Bg5 Bb4 5. e5 h6 6. Bd2 Bxc3 7. bxc3 Ne4 8. Qg4 Kf8 9. Be3 Nxc3 10. Bd3 Nc6 11. Nf3 Nb4 12. Bd2 Nxd3+ 13. cxd3 Na4 14. O-O Bd7 15. Rab1 b6 16. Nh4 Qe8 17. Rfe1 Kg8 18. Re3 Rh7 19. Rg3 Kh8 20. Re1 Rc8 21. Ree3 c5 22. Ref3 cxd4 23. Qxd4 Rc2 24. Qf4 Rxa2 25. h3 Rxd2 26. Qxd2 g5 27. Qb4 a5 28. Qd4 Qc8 29. Re3 Qc3 30. Qg4 d4 31. Re4 Nc5 32. Rxd4 a4 33. Nf3 Qc1+ 34. Kh2 h5 35. Qxg5 Qxg5 36. Nxg5 Rg7 37. Rd6 Rxg5 38. Rxg5 a3 39. d4 a2 40. dxc5 a1=Q 41. Rxd7 Qc1 42. Rxh5+ Kg7 43. Rh4 bxc5 44. g3 Kf8 45. Rf4 Ke8 46. Rfxf7 1-0

[Event "Rethymnon 88/265"]
[Site "?"]
[Date "2003.??.??"]
[Round "?"]
[White "Shirov, A."]
[Black "Volkov, S."]
[Result "1/2-1/2"]
[WhiteElo "2732"]
[BlackElo "2620"]
[PlyCount "34"]
[EventDate "2003.??.??"]
[Source "Chess Informant"]
[SourceDate "2003.06.01"]

1. e4 e6 2. d4 d5 3. Nc3 Nf6 4. Bg5 Bb4 5. e5 h6 6. Be3 Ne4 7. Qg4 g5 8. h4 h5 9. hxg5 hxg4 10. Rxh8+ Bf8 11. Nxe4 dxe4 12. Ne2 c5 13. O-O-O Qa5 14. Nc3 cxd4 15. Bxd4 Nc6 16. Nxe4 Nxd4 17. Nf6+ Ke7 1/2-1/2

[Event "SuperGM"]
[Site "?"]
[Date "2000.??.??"]
[Round "1"]
[White "Leko Peter"]
[Black "Huebner Robert"]
[Result "1-0"]
[WhiteElo "2725"]
[BlackElo "2620"]
[PlyCount "38"]
[EventDate "2000.??.??"]
[Source "www.chesslib.no"]
[SourceDate "2004.05.04"]

1. e4 e6 2. d4 d5 3. Nc3 Nf6 4. Bg5 Bb4 5. e5 h6 6. Bd2 Bxc3 7. bxc3 Ne4 8. Qg4 Kf8 9. Bd3 Nxd2 10. Kxd2 c5 11. Nf3 Nc6 12. dxc5 Qa5 13. Qf4 Qxc5 14. Nd4 Bd7 15. Rab1 b6 16. a4 Na5 17. Ba6 Bc8 18. Bb5 Qe7 19. Nc6 Nxc6 1-0

[Event "Essen 84/236"]
[Site "?"]
[Date "2002.??.??"]
[Round "?"]
[White "Leko, P."]
[Black "Korchnoi, V."]
[Result "1-0"]
[WhiteElo "2707"]
[BlackElo "2635"]
[PlyCount "119"]
[EventDate "2002.??.??"]
[Source "Chess Informant"]
[SourceDate "2002.02.01"]

1. e4 e6 2. d4 d5 3. Nc3 Nf6 4. Bg5 Bb4 5. e5 h6 6. Bd2 Bxc3 7. bxc3 Ne4 8. Qg4 Kf8 9. Bd3 Nxd2 10. Kxd2 c5 11. h4 c4 12. Bf1 Nc6 13. Ne2 b5 14. Rh3 a5 15. a3 Bd7 16. Nf4 Rg8 17. Rf3 Ke7 18. Nh5 b4 19. Qf4 bxc3+ 20. Ke1 Be8 21. Rxc3 a4 22. Rg3 Qa5+ 23. c3 Rb8 24. Be2 Rb3 25. Qd2 g6 26. Nf6 Rh8 27. Bd1 Rb7 28. Bc2 Kd8 29. Rb1 Rxb1+ 30. Bxb1 Kc7 31. Bc2 Qb5 32. Rf3 Nd8 33. Qc1 h5 34. Kd2 Nb7 35. Qb1 Na5 36. Nxe8+ Qxe8 37. Qb4 Nb3+ 38. Ke3 Qd7 39. Qd6+ Qxd6 40. exd6+ Kxd6 41. Rxf7 Ra8 42. Rg7 Rb8 43. Ra7 Rg8 44. g3 Kc6 45. Rxa4 Na1 46. Bd1 g5 47. hxg5 Rxg5 48. Ra6+ Kd7 49. Ra7+ Kd6 50. Rh7 e5 51. Rh6+ Kc7 52. Rxh5 exd4+ 53. Kxd4 Nb3+ 54. Ke3 Rg6 55. Rxd5 Re6+ 56. Kf4 Ra6 57. g4 Kc6 58. Bf3 Nc5 59. Rd4+ Kb5 60. Bd5 1-0

[Event "Campionato europeo 2007"]
[Site "Dresda GER"]
[Date "2007.04.09"]
[Round "7"]
[White "Van den Doel, Erik"]
[Black "Socko, Bartosz"]
[Result "1/2-1/2"]
[WhiteElo "2580"]
[BlackElo "2641"]
[PlyCount "78"]
[EventDate "2007.04.03"]
[Source "www.chesslib.no"]
[SourceDate "2004.05.04"]

1. e4 e6 2. d4 d5 3. Nc3 Nf6 4. Bg5 Bb4 5. e5 h6 6. Bd2 Bxc3 7. bxc3 Ne4 8. Qg4 Kf8 9. Bd3 Nxd2 10. Kxd2 c5 11. Nf3 c4 12. Be2 b5 13. Rhb1 Bd7 14. Qf4 a5 15. a3 Qe7 16. h4 Ke8 17. Qg3 Qf8 18. Nh2 Bc6 19. Ng4 Nd7 20. Ne3 Kd8 21. f4 Kc7 22. f5 Qe7 23. Bh5 Rhg8 24. Qf4 g6 25. f6 Qf8 26. Bf3 Nb6 27. Nd1 Na4 28. Qe3 Rb8 29. Ke1 Rh8 30. Kf2 Qg8 31. Nb2 Nb6 32. Rh1 Rb7 33. Qd2 Qh7 34. g4 Rhb8 35. g5 h5 36. Rhb1 Qh8 37. Nd1 Na4 38. Ke1 Qf8 39. Be2 Be8 1/2-1/2

[Event "Open Aeroflot"]
[Site "Mosca RUS"]
[Date "2007.02.21"]
[Round "8"]
[White "Kurnosov, I."]
[Black "Volkov, Sergey"]
[Result "0-1"]
[WhiteElo "2580"]
[BlackElo "2636"]
[PlyCount "75"]
[EventDate "2007.02.14"]
[Source "www.chesslib.no"]
[SourceDate "2004.05.04"]

1. e4 e6 2. d4 d5 3. Nc3 Nf6 4. Bg5 Bb4 5. e5 h6 6. Bd2 Bxc3 7. bxc3 Ne4 8. Qg4 Kf8 9. Bd3 Nxd2 10. Kxd2 c5 11. Nf3 c4 12. Be2 b5 13. a4 bxa4 14. Rxa4 a5 15. Qf4 Nc6 16. g4 Ke8 17. h4 Ra7 18. h5 Qe7 19. Rg1 Rf8 20. g5 hxg5 21. Nxg5 f6 22. Nh7 Rf7 23. Qe3 fxe5 24. dxe5 Qh4 25. Rg4 Qh2 26. f4 d4 27. cxd4 Ba6 28. Kc3 Bb5 29. Nf6+ gxf6 30. Rg8+ Rf8 31. exf6 Rxg8 32. Qxe6+ Kf8 33. d5 Nd8 34. Qd6+ Kf7 35. Rxa5 Rd7 36. Qc5 Qxe2 37. Qxb5 Rg3+ 38. Kb4 0-1

[Event "EU-chT (Men)"]
[Site "Pula"]
[Date "1997.??.??"]
[Round "5"]
[White "Hracek, Zbynek"]
[Black "Vaisser, Anatoli"]
[Result "1/2-1/2"]
[WhiteElo "2630"]
[BlackElo "2580"]
[PlyCount "83"]
[EventDate "1997.05.05"]
[Source "ChessBase"]

1. e4 e6 2. d4 d5 3. Nc3 Nf6 4. Bg5 Bb4 5. e5 h6 6. Be3 Ne4 7. Qg4 g6 8. a3 Bxc3+ 9. bxc3 c5 10. Bd3 Nxc3 11. dxc5 Nc6 12. Nf3 Qa5 13. O-O Qa4 14. Qxa4 Nxa4 15. Bb5 Nc3 16. a4 Bd7 17. Ra3 Ne4 18. Rb1 Na5 19. Nd2 Nxd2 20. Bxd2 Bxb5 21. Bxa5 Ba6 22. Bc7 Kd7 23. Bd6 Rac8 24. Rf3 Rh7 25. Rb4 b6 26. cxb6 Rxc2 27. h3 Rc1+ 28. Kh2 axb6 29. Rxb6 Rc6 30. Rfb3 Rh8 31. Rxc6 Kxc6 32. a5 Bb5 33. Kg3 Ra8 34. Bb4 d4 35. Bd2 d3 36. Kf4 Rd8 37. Ke4 Kc5 38. Rc3+ Bc4 39. a6 Ra8 40. Bxh6 Rxa6 41. Be3+ Kb5 42. Bd2 1/2-1/2

[Event "Open Aeroflot"]
[Site "Mosca RUS"]
[Date "2007.02.15"]
[Round "2"]
[White "Ganguly, S."]
[Black "Volkov, Sergey"]
[Result "1-0"]
[WhiteElo "2571"]
[BlackElo "2636"]
[PlyCount "151"]
[EventDate "2007.02.14"]
[Source "www.chesslib.no"]
[SourceDate "2004.05.04"]

1. e4 e6 2. d4 d5 3. Nc3 Nf6 4. Bg5 Bb4 5. e5 h6 6. Bd2 Bxc3 7. bxc3 Ne4 8. Qg4 Kf8 9. Bd3 Nxd2 10. Kxd2 c5 11. Nf3 c4 12. Be2 b5 13. a4 bxa4 14. Rxa4 Bd7 15. Raa1 Nc6 16. h4 a5 17. Qf4 a4 18. g4 Ke8 19. h5 Na7 20. g5 Nb5 21. gxh6 Qa5 22. Qe3 gxh6 23. Nh2 Kd8 24. Ng4 Kc7 25. Rh3 a3 26. Ra2 Qb6 27. Nf6 Ra4 28. Rg3 Qb8 29. Rg1 Bc6 30. f4 Kb6 31. Bg4 Ka6 32. f5 exf5 33. Bxf5 Qd8 34. Bg4 Qe7 35. Bf3 Nc7 36. Rb1 Ra5 37. Qg1 Qf8 38. Rb4 Ka7 39. Qg2 Ne6 40. Qg1 Ng5 41. Bh1 Qc8 42. Qg4 Qe6 43. Rb1 Qe7 44. Qf4 Rb8 45. Rba1 Rb2 46. Ng4 Rxa2 47. Rxa2 Qe6 48. Bg2 Bb7 49. Ne3 Qb6 50. Qf1 Ne6 51. Qa1 Qa6 52. Bxd5 Bxd5 53. Nxd5 Kb8 54. Qb1+ Rb5 55. Rxa3 Qb7 56. Nb4 Qg2+ 57. Kc1 Nxd4 58. Kb2 Nc6 59. Ka2 Nxb4+ 60. cxb4 Qd2 61. Qg1 Qxc2+ 62. Ka1 Kc7 63. Qa7+ Kd8 64. Qd4+ Kc8 65. Ra8+ Kb7 66. Qa7+ Kc6 67. Rc8+ Kd5 68. Qxf7+ Kd4 69. Qf4+ Kd3 70. Qf3+ Kd4 71. Rd8+ Kxe5 72. Re8+ Kd4 73. Qe3+ Kd5 74. Qe5+ Kc6 75. Re6+ Kd7 76. Qd6+ 1-0

[Event "otb"]
[Site "otb"]
[Date "2007.04.15"]
[Round "1.2"]
[White "Kurnosov Igor"]
[Black "Volkov Sergey"]
[Result "0-1"]
[WhiteElo "2566"]
[BlackElo "2640"]
[PlyCount "104"]
[Source "www.chesslib.no"]
[SourceDate "2004.05.04"]

1. e4 e6 2. d4 d5 3. Nc3 Nf6 4. Bg5 Bb4 5. e5 h6 6. Bd2 Bxc3 7. bxc3 Ne4 8. Qg4 Kf8 9. Qf4 c5 10. Bd3 Nxd2 11. Qxd2 Nc6 12. Nf3 Qa5 13. dxc5 Qxc5 14. Rb1 a6 15. a4 b6 16. O-O Bd7 17. c4 Ke7 18. Qf4 dxc4 19. Bxc4 Rhd8 20. Rfd1 Be8 21. h4 Rxd1+ 22. Rxd1 Rd8 23. Rxd8 Kxd8 24. Bxa6 Qxc2 25. Bb5 Ne7 26. Qb4 Bxb5 27. Qxb5 Qc1+ 28. Kh2 Qf4+ 29. Kh3 Nd5 30. Qd3 g5 31. hxg5 hxg5 32. g4 Ke8 33. Qd1 Kf8 34. Qb3 Kg7 35. Qd1 Kg8 36. Qh1 Kg7 37. Qd1 Kg8 38. Qe2 Qxa4 39. Qd2 Qf4 40. Qxf4 Nxf4+ 41. Kg3 Nd3 42. Kg2 Kg7 43. Kf1 f6 44. exf6+ Kxf6 45. Ke2 Ne5 46. Nh2 b5 47. f3 Nc4 48. Nf1 Ke5 49. Ng3 b4 50. Ne4 b3 51. Kd3 b2 52. Kc2 Kf4 0-1

[Event "Camp. russo a squadre 2008"]
[Site "Dagomys RUS"]
[Date "2008.04.03"]
[Round "2"]
[White "Savchenko, B."]
[Black "Volkov, Sergey1"]
[Result "1/2-1/2"]
[WhiteElo "2569"]
[BlackElo "2633"]
[PlyCount "150"]
[EventDate "2008.04.02"]
[Source "www.chesslib.no"]
[SourceDate "2004.05.04"]

1. e4 e6 2. d4 d5 3. Nc3 Nf6 4. Bg5 Bb4 5. e5 h6 6. Be3 Ne4 7. Qg4 Kf8 8. Nge2 c5 9. f3 Nxc3 10. bxc3 cxd4 11. Bxd4 Ba5 12. f4 Nc6 13. Bc5+ Kg8 14. Qf3 b6 15. Bd6 Ba6 16. O-O-O Rc8 17. f5 Qg5+ 18. Kb1 Qxf5 19. Qxf5 exf5 20. Nf4 Bxf1 21. Rhxf1 Bxc3 22. Nxd5 Bxe5 23. Bxe5 Nxe5 24. Ne7+ Kh7 25. Nxc8 Rxc8 26. Rxf5 f6 27. Rf4 Rc7 28. Rd5 Nc4 29. Rfd4 Ne5 30. a4 g5 31. Kb2 Kg6 32. Kb3 h5 33. c4 h4 34. h3 Nc6 35. Re4 Na5+ 36. Kb4 Nc6+ 37. Kb5 Ne7 38. Rd6 Nf5 39. Rc6 Rd7 40. Ka6 Nd4 41. Rc8 Nb3 42. Re2 Nc5+ 43. Kb5 Rd1 44. a5 Rb1+ 45. Kc6 Rb4 46. Kd5 Nd3 47. Kd4 Ne5 48. Kd5 Nd3 49. Rd2 Nf4+ 50. Ke4 Ra4 51. axb6 axb6 52. Rd7 Ra5 53. Rg8+ Kh6 54. Rh8+ Kg6 55. Rg8+ Kh6 56. Rd6 Re5+ 57. Kf3 Ne6 58. g4 hxg3 59. Rxb6 Kh7 60. Ra8 Kg6 61. Raa6 Rf5+ 62. Kxg3 Nc5 63. Ra2 Ne4+ 64. Kg2 Rc5 65. Rc2 Rc7 66. Rb3 Kf7 67. Rb5 Nd6 68. Rb4 Rc5 69. Ra4 Kg6 70. Rc3 Kh5 71. Ra6 Rxc4 72. Rxc4 Nxc4 73. Rxf6 g4 74. Rc6 gxh3+ 75. Kxh3 Ne3 1/2-1/2

[Event "Aiacciu Masters"]
[Site "?"]
[Date "2004.10.26"]
[Round "4.1"]
[White "Kobalia Mikhail"]
[Black "Glek Igor V"]
[Result "1-0"]
[WhiteElo "2621"]
[BlackElo "2580"]
[PlyCount "54"]
[EventDate "2004.??.??"]
[Source "www.chesslib.no"]
[SourceDate "2004.05.04"]

1. e4 e6 2. d4 d5 3. Nc3 Nf6 4. Bg5 Bb4 5. e5 h6 6. Bd2 Bxc3 7. bxc3 Ne4 8. Qg4 g6 9. Qf4 c5 10. Bd3 Nxd2 11. Qxd2 Bd7 12. Nf3 Bc6 13. dxc5 Nd7 14. O-O Qc7 15. Rfe1 Nxc5 16. Nd4 O-O-O 17. Qe3 a6 18. Rab1 Na4 19. Bxa6 bxa6 20. Nxc6 d4 21. Qf3 Nxc3 22. Rb8+ Kd7 23. Rxd8+ Rxd8 24. Nxd8 Kxd8 25. Qf4 Qa7 26. Qxh6 Ke7 27. h4 Qb7 1-0

[Event "Aiacciu Masters"]
[Site "?"]
[Date "2004.10.26"]
[Round "4.4"]
[White "Kobalia Mikhail"]
[Black "Glek Igor V"]
[Result "1-0"]
[WhiteElo "2621"]
[BlackElo "2580"]
[PlyCount "75"]
[EventDate "2004.??.??"]
[Source "www.chesslib.no"]
[SourceDate "2004.05.04"]

1. e4 e6 2. d4 d5 3. Nc3 Nf6 4. Bg5 Bb4 5. e5 h6 6. Bd2 Bxc3 7. bxc3 Ne4 8. Qg4 g6 9. Qf4 c5 10. Bd3 Nxd2 11. Qxd2 Bd7 12. Nf3 c4 13. Be2 Bc6 14. h4 Nd7 15. h5 g5 16. Nh2 Qa5 17. Ng4 O-O-O 18. Qe3 Nb6 19. a3 Na4 20. Kd2 Qc7 21. Rhb1 a5 22. Rf1 Qe7 23. Nf6 Rdg8 24. Nxg8 Rxg8 25. g4 b5 26. f4 b4 27. axb4 axb4 28. Rxa4 Bxa4 29. cxb4 Kb7 30. fxg5 hxg5 31. Ra1 Ra8 32. c3 f5 33. exf6 Qh7 34. Ke1 Qc2 35. Bd1 Qb2 36. Rxa4 Rxa4 37. Bxa4 Qa1+ 38. Bd1 1-0

[Event "Abihome op"]
[Site "Brussels"]
[Date "2000.10.07"]
[Round "4"]
[White "Svidler, Peter"]
[Black "Vysochin, Spartak"]
[Result "1-0"]
[WhiteElo "2689"]
[BlackElo "2511"]
[PlyCount "67"]
[EventDate "2000.10.07"]
[Source "www.chesslib.no"]
[SourceDate "2004.05.04"]

1. e4 e6 2. d4 d5 3. Nc3 Nf6 4. Bg5 Bb4 5. e5 h6 6. Be3 Ne4 7. Qg4 g6 8. a3 Bxc3+ 9. bxc3 Nxc3 10. Bd3 Nc6 11. Nf3 Bd7 12. h4 Qe7 13. h5 g5 14. Nh2 O-O-O 15. Qf3 f5 16. exf6 Qd6 17. Ng4 e5 18. Nxe5 Nxe5 19. dxe5 Qxe5 20. O-O Rhf8 21. f7 Be6 22. Bxa7 Rxf7 23. Rae1 Ne4 24. Qe3 g4 25. c4 Rf3 26. Qe2 Qxh5 27. Bxe4 dxe4 28. Qxe4 Bf5 29. Qe5 Rfd3 30. Qa5 Qf7 31. Bc5 b6 32. Qa8+ Kd7 33. Qa4+ Kc8 34. Re7 1-0

[Event "Campionato europeo 2007"]
[Site "Dresda GER"]
[Date "2007.04.14"]
[Round "11.23"]
[White "Zelcic, Robert"]
[Black "Socko, Bartosz"]
[Result "0-1"]
[WhiteElo "2554"]
[BlackElo "2641"]
[PlyCount "80"]
[EventDate "2007.04.03"]
[Source "www.chesslib.no"]
[SourceDate "2004.05.04"]

1. e4 e6 2. d4 d5 3. Nc3 Nf6 4. Bg5 Bb4 5. e5 h6 6. exf6 hxg5 7. fxg7 Rg8 8. h4 gxh4 9. Nf3 Qf6 10. Qd3 Bd7 11. a3 Be7 12. Nb5 Na6 13. Qb3 Qf4 14. Ne5 c6 15. Rh3 cxb5 16. Nxd7 Kxd7 17. Rf3 Qe4+ 18. Re3 Qf4 19. Rf3 Qc7 20. Rxf7 Ke8 21. Rf3 Rxg7 22. O-O-O Qb6 23. Bxb5+ Kd8 24. Qa4 Nc7 25. Bf1 Qc6 26. Qb3 Qb6 27. Qa4 Qc6 28. Qb3 b5 29. g3 hxg3 30. fxg3 Kd7 31. Kb1 Rf8 32. Rc3 Qb6 33. Bh3 Rh8 34. g4 a5 35. a4 Rb8 36. g5 bxa4 37. Qxa4+ Qb5 38. Qa2 a4 39. Re3 Rxg5 40. Rde1 Rb6 0-1

[Event "Linares Anibal op 3rd"]
[Site "Linares"]
[Date "1996.??.??"]
[Round "?"]
[White "Hernandez, Gilberto"]
[Black "Glek, Igor V"]
[Result "1/2-1/2"]
[WhiteElo "2555"]
[BlackElo "2635"]
[PlyCount "100"]
[EventDate "1996.01.??"]
[Source "ChessBase"]

1. e4 e6 2. d4 d5 3. Nc3 Nf6 4. Bg5 Bb4 5. e5 h6 6. Be3 Ne4 7. Qg4 g6 8. a3 Bxc3+ 9. bxc3 Nxc3 10. Bd3 Nc6 11. h4 Ne7 12. f3 c5 13. dxc5 Nc6 14. Bd2 d4 15. Bxc3 dxc3 16. Qc4 Nxe5 17. Qxc3 Qf6 18. Ne2 Nxd3+ 19. cxd3 Qxc3+ 20. Nxc3 b6 21. cxb6 axb6 22. Ke2 Bd7 23. Rhb1 Ra6 24. Rb3 Ke7 25. Rab1 Rc8 26. Kd2 Rc6 27. d4 Rd6 28. Ke3 g5 29. hxg5 hxg5 30. Ne4 Rd5 31. Rxb6 Rxa3+ 32. R1b3 Rda5 33. g4 Bc6 34. Rxa3 Rxa3+ 35. Kf2 Bxe4 36. fxe4 Rd3 37. Rb7+ Kd6 38. Rxf7 Rxd4 39. Rg7 Ke5 40. Rxg5+ Kf4 41. Rg8 Rd2+ 42. Kf1 Kxe4 43. g5 Kf5 44. g6 Kf6 45. Re8 Rd5 46. Kf2 Rg5 47. Rg8 Rxg6 48. Rxg6+ Kxg6 49. Ke3 Kf5 50. Kf3 Ke5 1/2-1/2

[Event "Zwolle op"]
[Site "Zwolle"]
[Date "2002.03.09"]
[Round "4"]
[White "Van den Doel, Erik"]
[Black "Glek, Igor V"]
[Result "1/2-1/2"]
[WhiteElo "2585"]
[BlackElo "2601"]
[PlyCount "114"]
[EventDate "2002.03.08"]
[Source "ChessBase"]
[SourceDate "2002.05.03"]

1. e4 e6 2. d4 d5 3. Nc3 Nf6 4. Bg5 Bb4 5. e5 h6 6. Bd2 Bxc3 7. bxc3 Ne4 8. Qg4 g6 9. Bd3 Nxd2 10. Kxd2 c5 11. h4 Nc6 12. Qf4 cxd4 13. cxd4 Qa5+ 14. Ke3 b6 15. h5 gxh5 16. Ne2 Ba6 17. Bxa6 Qxa6 18. c3 Rc8 19. f3 Rg8 20. g3 Rg5 21. Kf2 Ne7 22. Qe3 Kd7 23. f4 Rg6 24. Rxh5 Rcg8 25. Qd2 Nf5 26. Rg1 Ke7 27. Qc2 Qc4 28. Qb1 f6 29. Qb4+ Qxb4 30. cxb4 Rc8 31. g4 Ng7 32. Rh3 Kf7 33. Ra3 Rc7 34. Rc1 Rd7 35. exf6 Ne8 36. g5 hxg5 37. fxg5 Rxg5 38. Ng1 Rf5+ 39. Rf3 Rc7 40. Rxc7+ Nxc7 41. Rxf5 exf5 42. Ne2 Kxf6 43. Nf4 Ke7 44. Ke3 Kd6 45. a4 a6 46. Ng2 Ne6 47. Nf4 Ng5 48. Nd3 Ne4 49. Kf4 Nc3 50. a5 bxa5 51. bxa5 Kc6 52. Kxf5 Kb5 53. Ke5 Kxa5 54. Nf4 Kb5 55. Nxd5 Nxd5 56. Kxd5 a5 57. Ke6 a4 1/2-1/2

[Event "Memorial Xose Enrique Rodriguez Pena"]
[Site "Ourense SPA"]
[Date "2007.06.09"]
[Round "3"]
[White "Korneev, O."]
[Black "Graf, A."]
[Result "1-0"]
[WhiteElo "2565"]
[BlackElo "2620"]
[PlyCount "107"]
[EventDate "2007.06.07"]
[Source "www.chesslib.no"]
[SourceDate "2004.05.04"]

1. e4 e6 2. d4 d5 3. Nc3 Nf6 4. Bg5 Bb4 5. e5 h6 6. Bd2 Bxc3 7. bxc3 Ne4 8. Qg4 Kf8 9. Qf4 c5 10. Bd3 Nc6 11. Nf3 b6 12. Bxe4 dxe4 13. Qxe4 Bb7 14. dxc5 Na5 15. Qd4 Bd5 16. Be3 Kg8 17. Nd2 Nc6 18. Qf4 Ne7 19. O-O Ng6 20. Qg3 b5 21. Bd4 h5 22. f3 h4 23. Qg4 Ne7 24. Ne4 Bc6 25. Nd6 Nd5 26. f4 h3 27. g3 Ne7 28. f5 Nxf5 29. Rxf5 exf5 30. Nxf5 Qf8 31. e6 fxe6 32. Nxg7 Qf3 33. Qxe6+ Kh7 34. Qxh3+ Kg6 35. Qe6+ Kh7 36. Qh3+ Kg6 37. Qe6+ Kh7 38. Qf5+ Qxf5 39. Nxf5 Rhe8 40. Rf1 Re2 41. Nh4 Be4 42. Rf7+ Kh6 43. Re7 Rg8 44. Kf1 Rxh2 45. Rxe4 Rxc2 46. Re2 Rf8+ 47. Ke1 Rc1+ 48. Kd2 Ra1 49. Re6+ Kh5 50. Ra6 Rff1 51. Ng2 Rf3 52. Nf4+ Kg4 53. c6 Kxg3 54. c7 1-0

[Event "otb"]
[Site "otb"]
[Date "2007.01.12"]
[Round "4"]
[White "Bezgodov Alexei"]
[Black "Korchnoi Viktor"]
[Result "1-0"]
[WhiteElo "2552"]
[BlackElo "2629"]
[PlyCount "91"]
[Source "www.chesslib.no"]
[SourceDate "2004.05.04"]

1. e4 e6 2. d4 d5 3. Nc3 Nf6 4. Bg5 Bb4 5. e5 h6 6. Be3 Ne4 7. Qg4 Kf8 8. a3 Bxc3+ 9. bxc3 Nxc3 10. Bd3 Nc6 11. h4 f5 12. Qf3 Ne7 13. g4 c5 14. Nh3 cxd4 15. gxf5 exf5 16. Bxd4 Qa5 17. Kf1 Ne4 18. Rd1 Qa4 19. Ba1 Be6 20. Rg1 g6 21. Qe3 Rc8 22. Nf4 Kf7 23. Ne2 Nc5 24. Nd4 Nxd3 25. Rxd3 Qa6 26. Kg2 g5 27. Rb1 f4 28. Qf3 Kg6 29. Rdb3 Rc7 30. Nxe6 Qxe6 31. Rxb7 Rhc8 32. Rxc7 Rxc7 33. hxg5 hxg5 34. Rh1 d4 35. Qh5+ Kf5 36. Qh3+ g4 37. Qh7+ Qg6 38. Bxd4 Ke4 39. c3 f3+ 40. Kg1 Rb7 41. Rh6 Qxh7 42. Rxh7 Rb1+ 43. Kh2 Nf5 44. e6 a6 45. e7 Rb8 46. Bc5 1-0

[Event "URS-CupT"]
[Site "Ordzhonikidze"]
[Date "1978.??.??"]
[Round "?"]
[White "Romanishin, Oleg M"]
[Black "Bronstein, David I"]
[Result "1-0"]
[WhiteElo "2610"]
[BlackElo "2570"]
[PlyCount "106"]
[EventDate "1978.05.??"]
[Source "www.chesslib.no"]
[SourceDate "2004.05.04"]

1. e4 e6 2. d4 d5 3. Nc3 Nf6 4. Bg5 Bb4 5. e5 h6 6. Bd2 Bxc3 7. bxc3 Ne4 8. Be3 Nxc3 9. Qg4 g6 10. Bd3 Qe7 11. Nf3 Bd7 12. O-O Bc6 13. Bd2 Ne4 14. Bc1 Nd7 15. a4 O-O-O 16. Ba3 Qe8 17. Qf4 Nb6 18. a5 Nc4 19. Bb4 g5 20. Qc1 Qg8 21. Ne1 g4 22. f3 gxf3 23. Rxf3 h5 24. Qd1 h4 25. Qe2 Ng5 26. Rf1 h3 27. g3 Re8 28. Rf4 f5 29. exf6 e5 30. dxe5 Rxe5 31. Qg4+ Bd7 32. f7 Qxf7 33. Qxg5 Qe8 34. Qg6 c5 35. Qxe8+ Rhxe8 36. Bc3 Re3 37. Rf3 R3e7 38. Bxc4 dxc4 39. Rf4 Re2 40. Rxc4 R8e3 41. Rxc5+ Kb8 42. Rd1 b6 43. axb6 axb6 44. Rb1 Kb7 45. Ba5 Re6 46. Rh5 Rf6 47. Rh7 Kc8 48. Bxb6 Rxb6 49. Rxb6 Rxe1+ 50. Kf2 Rh1 51. Rg6 Rxh2+ 52. Ke3 Rxc2 53. Rg8+ Kc7 1-0

[Event "57th ch-RUS Qualifier"]
[Site "St Petersburg"]
[Date "2004.05.21"]
[Round "1"]
[White "Kurnosov, Igor"]
[Black "Volkov, Sergey"]
[Result "0-1"]
[WhiteElo "2543"]
[BlackElo "2629"]
[PlyCount "86"]
[EventDate "2004.05.01"]
[Source "Roberto Alvarez"]
[SourceDate "2004.05.31"]

1. e4 e6 2. d4 d5 3. Nc3 Nf6 4. Bg5 Bb4 5. e5 h6 6. Be3 Ne4 7. Qg4 Kf8 8. a3 Bxc3+ 9. bxc3 Nxc3 10. Bd3 Nc6 11. Nh3 f5 12. Qh5 Qe8 13. Qh4 Qe7 14. Bg5 Qf7 15. f3 Kg8 16. Bd2 Na4 17. O-O Nb2 18. Be2 Nc4 19. Bc3 Bd7 20. Kh1 g5 21. Qf2 b5 22. Rfb1 Rb8 23. Bb4 a6 24. Bc5 Nb6 25. Bxb6 cxb6 26. a4 bxa4 27. Bxa6 Na5 28. Bb5 Bxb5 29. Rxb5 Qe8 30. Qf1 Nc4 31. Rb4 Ra8 32. Nf2 Rh7 33. Nd3 Rc7 34. Ra2 a3 35. c3 f4 36. Qc1 Rac8 37. h3 Qg6 38. Ne1 Qf5 39. Kh2 h5 40. Nc2 g4 41. Nxa3 g3+ 42. Kh1 Ra7 43. Rb3 Rca8 0-1

[Event "Cup Porzellan (active)"]
[Site "Dresden (Germany)"]
[Date "2008.01.13"]
[Round "7"]
[White "Kritz Leonid (GER)"]
[Black "Graf Alexander (GER)"]
[Result "1-0"]
[WhiteElo "2596"]
[BlackElo "2574"]
[PlyCount "57"]
[EventDate "2008.??.??"]
[Source "www.chesslib.no"]
[SourceDate "2004.05.04"]

1. e4 e6 2. d4 d5 3. Nc3 Nf6 4. Bg5 Bb4 5. e5 h6 6. Be3 Ne4 7. Qg4 Kf8 8. a3 Bxc3+ 9. bxc3 c5 10. Bd3 Qa5 11. Ne2 cxd4 12. Bxd4 Nc6 13. O-O Bd7 14. Bxe4 dxe4 15. Qxe4 Kg8 16. Ng3 Qc7 17. Nh5 Ne7 18. Qg4 Ng6 19. Rfe1 Kh7 20. Re3 Bc6 21. Rh3 Rhg8 22. Qg5 Rh8 23. Nf6+ gxf6 24. Rxh6+ Kg7 25. exf6+ Kf8 26. Rxh8+ Nxh8 27. Qg7+ Ke8 28. Qxh8+ Kd7 29. Qxa8 1-0

[Event "Casino Masters"]
[Site "?"]
[Date "2005.10.25"]
[Round "2"]
[White "Felgaer Ruben"]
[Black "Moskalenko Viktor"]
[Result "0-1"]
[WhiteElo "2636"]
[BlackElo "2529"]
[PlyCount "84"]
[EventDate "2005.??.??"]
[Source "www.chesslib.no"]
[SourceDate "2004.05.04"]

1. e4 e6 2. d4 d5 3. Nc3 Nf6 4. Bg5 Bb4 5. e5 h6 6. Bd2 Bxc3 7. bxc3 Ne4 8. Qg4 g6 9. Be3 c5 10. Bd3 h5 11. Qf4 g5 12. Qf3 Nxc3 13. Qg3 c4 14. Ne2 h4 15. Qg4 Na4 16. O-O cxd3 17. cxd3 f5 18. exf6 Qxf6 19. Bxg5 Qf5 20. Qxf5 exf5 21. Nf4 Nc6 22. Nxd5 Kf7 23. Nc7 Bd7 24. Nxa8 Rxa8 25. d5 Ne7 26. d6 Ng6 27. Rfe1 Nc5 28. Rac1 Ne6 29. Bd2 Bc6 30. Ba5 Ngf4 31. Re3 Nxg2 32. Re5 Rg8 33. Kf1 Ngf4 34. Rxf5+ Kg6 35. Rxc6 bxc6 36. Re5 Kf6 37. Bc3 Kf7 38. d7 Ke7 39. Ra5 Kxd7 40. Rxa7+ Kd6 41. Ra4 Rf8 42. d4 Kd5 0-1

[Event "Finjub30 GM2"]
[Site "Finjub30 GM2"]
[Date "1992.??.??"]
[Round "?"]
[White "Lanc, Alois"]
[Black "DeMauro, Joseph A"]
[Result "1/2-1/2"]
[WhiteElo "2590"]
[BlackElo "2570"]
[PlyCount "80"]
[EventDate "1992.??.??"]
[Source "www.chesslib.no"]
[SourceDate "2004.05.04"]

1. e4 e6 2. d4 d5 3. Nc3 Nf6 4. Bg5 Bb4 5. e5 h6 6. Bd2 Bxc3 7. bxc3 Ne4 8. Qg4 g6 9. Bd3 Nxd2 10. Kxd2 c5 11. Nf3 Nc6 12. dxc5 Qa5 13. Qf4 Qxc5 14. Nd4 Nxd4 15. cxd4 Qa5+ 16. Ke3 b6 17. Kf3 Ba6 18. g3 O-O-O 19. Bxa6+ Qxa6 20. a4 Rd7 21. a5 b5 22. Rhb1 Kb8 23. Rb3 Ka8 24. Kg2 Rc7 25. Qd2 h5 26. Rf3 Rhc8 27. Ra2 Qc6 28. a6 Qc4 29. Rb3 Rb8 30. Qe3 Rb6 31. Rab2 b4 32. Qd2 Qxa6 33. Rxb4 Rc4 34. Rxb6 axb6 35. Rb3 Kb7 36. Rf3 Rc7 37. Rc3 Rxc3 38. Qxc3 Qe2 39. h4 Qe4+ 40. Kf1 Ka6 1/2-1/2